Архитектура программного средства для аналитики и изуализации поведения пользователей; Молодежь и современные информационные технологии; Т. 2
| Parent link: | Молодежь и современные информационные технологии: сборник трудов XII Всероссийской научно-практической конференции студентов, аспирантов и молодых ученых, г. Томск, 12-14 ноября 2014 г./ Национальный исследовательский Томский политехнический университет (ТПУ), Институт кибернетики (ИК) ; ред. кол. Е. А. Сикора [и др.].— , 2014 Т. 2.— 2014.— [С. 18-19] |
|---|---|
| Autor principal: | |
| Autor corporatiu: | |
| Altres autors: | |
| Sumari: | Заглавие с титульного экрана |
| Idioma: | rus |
| Publicat: |
2014
|
| Col·lecció: | Информационные технологии в производстве и управлении |
| Matèries: | |
| Accés en línia: | http://earchive.tpu.ru/handle/11683/20202 http://www.lib.tpu.ru/fulltext/c/2014/C04/V2/003.pdf |
| Format: | Electrònic Capítol de llibre |
| KOHA link: | https://koha.lib.tpu.ru/cgi-bin/koha/opac-detail.pl?biblionumber=610733 |
MARC
| LEADER | 00000naa2a2200000 4500 | ||
|---|---|---|---|
| 001 | 610733 | ||
| 005 | 20231101132625.0 | ||
| 035 | |a (RuTPU)RU\TPU\conf\8366 | ||
| 035 | |a RU\TPU\conf\8363 | ||
| 090 | |a 610733 | ||
| 100 | |a 20150204d2014 k y0rusy50 ca | ||
| 101 | 0 | |a rus | |
| 102 | |a RU | ||
| 105 | |a y z 101zy | ||
| 135 | |a drcn ---uucaa | ||
| 181 | 0 | |a i | |
| 182 | 0 | |a b | |
| 200 | 1 | |a Архитектура программного средства для аналитики и изуализации поведения пользователей |f П. И. Банокин, Г. П. Цапко | |
| 203 | |a Текст |c электронный | ||
| 225 | 1 | |a Информационные технологии в производстве и управлении | |
| 230 | |a 1 компьютерный файл (pdf; 386 Kb) | ||
| 300 | |a Заглавие с титульного экрана | ||
| 320 | |a [Библиогр.: с. 19 (3 назв.)] | ||
| 337 | |a Adobe Reader | ||
| 461 | 1 | |0 (RuTPU)RU\TPU\conf\7802 |t Молодежь и современные информационные технологии |o сборник трудов XII Всероссийской научно-практической конференции студентов, аспирантов и молодых ученых, г. Томск, 12-14 ноября 2014 г. |o в 2 т. |f Национальный исследовательский Томский политехнический университет (ТПУ), Институт кибернетики (ИК) ; ред. кол. Е. А. Сикора [и др.] |d 2014 | |
| 463 | 0 | |0 (RuTPU)RU\TPU\conf\7813 |t Т. 2 |v [С. 18-19] |d 2014 | |
| 610 | 1 | |a труды учёных ТПУ | |
| 610 | 1 | |a электронный ресурс | |
| 610 | 1 | |a архитектура | |
| 610 | 1 | |a программные средства | |
| 610 | 1 | |a аналитика | |
| 610 | 1 | |a визуализация | |
| 610 | 1 | |a пользователи | |
| 610 | 1 | |a программное обеспечение | |
| 610 | 1 | |a нечеткая логика | |
| 610 | 1 | |a профили | |
| 700 | 1 | |a Банокин |b П. И. |c специалист в области автоматического управления |c ассистент кафедры Томского политехнического университета |f 1988- |g Павел Иванович |2 stltpush |3 (RuTPU)RU\TPU\pers\30346 | |
| 701 | 1 | |a Цапко |b Г. П. |c специалист в области автоматики и компьютерных систем |c профессор Томского политехнического университета, доктор технических наук |f 1949- |g Геннадий Павлович |2 stltpush |3 (RuTPU)RU\TPU\pers\22020 | |
| 712 | 0 | 2 | |a Национальный исследовательский Томский политехнический университет (ТПУ) |b Институт кибернетики (ИК) |b Кафедра автоматики и компьютерных систем (АИКС) |h 125 |2 stltpush |3 (RuTPU)RU\TPU\col\18698 |
| 801 | 2 | |a RU |b 63413507 |c 20210322 |g RCR | |
| 856 | 4 | |u http://earchive.tpu.ru/handle/11683/20202 | |
| 856 | 4 | |u http://www.lib.tpu.ru/fulltext/c/2014/C04/V2/003.pdf | |
| 942 | |c BK | ||